000 00256nam a2200109Ia 4500
008 220624s9999 xx 000 0 und d
020 _a9781904668701
082 _aJ609 BAIL
100 _aGERRY BAILEY
_9149327
245 0 _aEARLY DISCOVERIES
942 _cBK
_w561
_xJohn Tresidder
_y561
_zJohn Tresidder
999 _c685849
_d685848